00459 2200181 4500001002100000005001500021035002000036245009500056100001500151250000600166300001700172856001200189260003400201082000800235084001400243600000800257990001200265INLIS00000000000150320250106094505 a0010-01250000011 aSoal Pembahasan Olimpiade Sains Nasional Bidang Matematika Tk. Pronp ( OSP ) /cEddy Manto0 aEddy Manto a1 a183 :bIlust aRak 500 aJakarta :bKemendiibud,c2002 a510 a510 EDD s 4aOPS a0716375